Nanna bhogaseya akasha: Atmakathana: (Record no. 223349)
[ view plain ]
| 000 -LEADER | |
|---|---|
| fixed length control field | 02569nam a22002417a 4500 |
| 005 - DATE AND TIME OF LATEST TRANSACTION | |
| control field | 20220614115907.0 |
| 008 - FIXED-LENGTH DATA ELEMENTS--GENERAL INFORMATION | |
| fixed length control field | 220614b ||||| |||| 00| 0 eng d |
| 020 ## - INTERNATIONAL STANDARD BOOK NUMBER | |
| International Standard Book Number | 979354562163 |
| 040 ## - CATALOGING SOURCE | |
| Transcribing agency | Aloy |
| 041 ## - LANGUAGE CODE | |
| Language code of text/sound track or separate title | kan |
| 082 ## - DEWEY DECIMAL CLASSIFICATION NUMBER | |
| Edition number | 23 |
| Classification number | 923.2K |
| Item number | MOIN |
| 100 ## - MAIN ENTRY--PERSONAL NAME | |
| Personal name | M Veerappa Moily: ಎಂ ವೀರಪ್ಪ ಮೊಯಿಲಿ |
| 100 ## - MAIN ENTRY--PERSONAL NAME | |
| 9 (RLIN) | 42209 |
| 245 ## - TITLE STATEMENT | |
| Title | Nanna bhogaseya akasha: Atmakathana: |
| Remainder of title | ನನ್ನ ಬೊಗಸೆಯ ಆಕಾಶ: ಆತ್ಮಕಥನ |
| 260 ## - PUBLICATION, DISTRIBUTION, ETC. | |
| Place of publication, distribution, etc. | Bengaluru |
| Name of publisher, distributor, etc. | Sapna Book House |
| Date of publication, distribution, etc. | 2022 |
| 300 ## - PHYSICAL DESCRIPTION | |
| Extent | xiv,665p. |
| Other physical details | HB |
| Dimensions | 25x19cm. |
| 365 ## - TRADE PRICE | |
| Source of price type code | Kannada |
| Price type code | BLCR-000033 |
| Price amount | 680.00 |
| Currency code | ₹ |
| Unit of pricing | 850.00 |
| Price note | 20% |
| Price effective from | 03-06-2022 |
| 520 ## - SUMMARY, ETC. | |
| Summary, etc. | ಲೇಖಕ-ಕರ್ನಾಟಕ ರಾಜ್ಯ ಮಾಜಿ ಮುಖ್ಯಮಂತ್ರಿ, ಕೇಂದ್ರ ಸಚಿವ ಎಂ.ವೀರಪ್ಪ ಮೊಯಿಲಿ ಅವರ ಆತ್ಮಕಥನ-ನನ್ನ ಬೊಗಸೆಯ ಆಕಾಶ. ಸಾಮಾಜಿಕವಾಗಿ ತಳಮಟ್ಟದಿಂದ ಬಂದ ಮೊಯಿಲಿ ಅವರು ಶಿಕ್ಷಣದ ವಿವಿಧ ಮಜಲುಗಳನ್ನು ದಾಟಿ, ಸಾಮಾಜಿಕ ಸಮಾನತೆಗಾಗಿ ಹೋರಾಟದ ಭಾಗವಾಗಿ ರಾಜಕಾರಣದಲ್ಲಿ ಸಕ್ರಿಯರಾದರು. ಹಂತಹಂತವಾಗಿ ಮೇಲೇರುತ್ತಲೇ, ಕರ್ನಾಟಕ ರಾಜ್ಯದ ಮುಖ್ಯಮಂತ್ರಿಯೂ ಆದರು. ಮಾತ್ರವಲ್ಲ; ರಾಷ್ಟ್ರ ರಾಜಕಾರಣದಲ್ಲಿ ತಮ್ಮದೇ ಛಾಪು ಮೂಡಿಸುವ ಮೂಲಕ ಕೇಂದ್ರ ಸಚಿವ ಸಂಪುಟದ ಮಹತ್ವದ ಹುದ್ದೆಗಳನ್ನು ನಿರ್ವಹಿಸಿ, ಉತ್ತಮ ಆಡಳಿತಗಾರರೆನಿಸಿಕೊಂಡವರು. ಸಾಹಿತಿಯಾಗಿಯೂ ಹತ್ತು ಹಲವು ಕೃತಿಗಳನ್ನು ರಚಿಸಿರುವ ಎಂ.ವೀರಪ್ಪ ಮೊಯಿಲಿ ಅವರ ಬಹುಮುಖಿ ವ್ಯಕ್ತಿತ್ವದ ಪ್ರತೀಕವಾಗಿ ಈ ಕೃತಿ ಮೂಡಿಬಂದಿದೆ. ಮೊಯಿಲಿ ಅವರ ಮುತ್ಸದ್ಧಿತನಕ್ಕೆ ಕನ್ನಡಿ ಹಿಡಿಯುತ್ತದೆ. |
| 650 ## - SUBJECT ADDED ENTRY--TOPICAL TERM | |
| Topical term or geographic name entry element | Autobiography: ಆತ್ಮಕಥನ |
| 9 (RLIN) | 42109 |
| 650 ## - SUBJECT ADDED ENTRY--TOPICAL TERM | |
| Topical term or geographic name entry element | Former Chief Minister: ಮಾಜಿ ಮುಖ್ಯಮಂತ್ರಿ |
| 9 (RLIN) | 42110 |
| 650 ## - SUBJECT ADDED ENTRY--TOPICAL TERM | |
| Topical term or geographic name entry element | Political Leader: ರಾಜಕೀಯ ನಾಯಕರು |
| 9 (RLIN) | 42111 |
| 700 ## - ADDED ENTRY--PERSONAL NAME | |
| Personal name | MOILY (M Veerappa): ಮೊಯಿಲಿ (ಎಂ ವೀರಪ್ಪ) |
| 9 (RLIN) | 42112 |
| 942 ## - ADDED ENTRY ELEMENTS (KOHA) | |
| Source of classification or shelving scheme | Dewey Decimal Classification |
| Koha item type | Book |
| Withdrawn status | Lost status | Source of classification or shelving scheme | Damaged status | Not for loan | Collection code | Home library | Current library | Date acquired | Source of acquisition | Cost, normal purchase price | Total Checkouts | Full call number | Barcode | Date last seen | Date last checked out | Cost, replacement price | Price effective from | Koha item type |
|---|---|---|---|---|---|---|---|---|---|---|---|---|---|---|---|---|---|---|
| Dewey Decimal Classification | Kannada | St Aloysius Library | St Aloysius Library | 06/03/2022 | Navakarnataka Publications, Pvt. Ltd. Mangaluru-575001 | 680.00 | 1 | 923.2K MOIN | 075883 | 08/12/2022 | 07/09/2022 | 850.00 | 06/14/2022 | Book |